000 00293nam a22001217a 4500
008 230704b xxu||||| |||| 00| 0 eng d
082 _a340
_bCHK
100 _cV.M Chkhilvadze
245 _athe Soviet State and law
260 _aMoscow
_bprogress publishers
300 _a333p
942 _2ddc
_cBK
999 _c3645
_d3645